000 01070nas a2200313 4500
001 BR2011004766
003 BR-BrBNA
005 20231205115539.0
007 ta
008 230509b bl.|||p| |||| 00| 00por d
040 _aBR-BrBNA
_bpor
_cBiblioteca Nacional de Agricultura
041 _a(En)
072 _aL10
100 1 _aRosário, M.F. do
100 1 _aLedur, M.C.
100 1 _aMoura, A.S.A.M.T.
100 1 _aCoutinho, L.L.
100 1 _aGarcia, A.A.F.
245 1 _aGenotypic characterization of microsatellite markers in broiler and layer selected chicken lines and their reciprocalf
246 1 _aGenotypic characterization of microsatellite markers in broiler and layer selected chicken lines and their reciprocalf
650 _aGALINHA PARA CORTE
650 _aGALINHA PARA POSTURA
650 _aGENÓTIPO
650 _aSELEÇÃO GENÓTIPA
650 _a
773 0 _tScientia Agricola (Brazil)
_xISSN 0103-9016
_g(Mar-Apr 2009), v. 66(2) p. 150-158
_wBR2011004766
909 _a202311
_bLúcia
_c55
_dLúcia Elande
942 _2AGRIS
_n0
_cANA
999 _c214369
_d214369